[Event "North American Open"]
[Site "Las Vegas"]
[Date "2010.12.26"]
[Round "1"]
[White "Sandberg, Evan"]
[Black "Stocek, Jiri"]
[Result "0-1"]
[WhiteElo "2176"]
[BlackElo "2647"]
[PlyCount "140"]
[EventDate "2010.12.??"]
[EventType "swiss"]
[EventRounds "7"]
[EventCountry "USA"]
[Source "MonRoi"]

1. e4 c5 2. Nf3 d6 3. d4 cxd4 4. Nxd4 Nf6 5. Nc3 e6 6. Bg5 Be7 7. f4 h6 8. Bxf6
Bxf6 9. Qd2 a6 10. O-O-O O-O 11. Nb3 Nc6 12. Qxd6 Bxc3 13. Qxd8 Bxb2+ 14. Kxb2
Rxd8 15. Rxd8+ Nxd8 16. e5 Bd7 17. Nd4 Nc6 18. Nxc6 Bxc6 19. Rg1 Rd8 20. Bd3
Kf8 21. Kc3 Ke7 22. g3 Bd5 23. Rb1 g5 24. f5 exf5 25. Rb6 Rc8+ 26. Kb2 Bc6 27.
Bxf5 Rd8 28. Bd3 Kd7 29. Kc3 h5 30. Bc4 Rc8 31. Kd4 Ke7 32. Rb1 Rd8+ 33. Ke3
Bg2 34. Rb6 Rc8 35. Kd4 Bc6 36. Rb1 g4 37. c3 h4 38. Bd5 b5 39. Bxc6 Rxc6 40.
gxh4 Rh6 41. Kd5 Rxh4 42. Rb2 Rh3 43. Rc2 Kd7 44. Rf2 Rf3 45. Rc2 Rf5 46. Re2
Rh5 47. Rf2 Ke7 48. a3 Rh3 49. Kd4 Rh8 50. Kc5 Ke6 51. Kd4 Rh4 52. Rf6+ Ke7 53.
Ke3 a5 54. Rf2 Ke6 55. Rb2 Rh5 56. Kf4 Rxe5 57. Kxg4 Rc5 58. Re2+ Kf6 59. Rb2
Rc4+ 60. Kh5 Rc5+ 61. Kg4 Rxc3 62. Rxb5 Rxa3 63. h4 a4 64. Ra5 Ra1 65. h5 a3
66. Kg3 a2 67. Kg2 Kg7 68. Ra7 Kh6 69. Ra5 f5 70. Rxf5 Rb1 0-1

[Event "North American Open"]
[Site "Las Vegas"]
[Date "2010.12.26"]
[Round "1"]
[White "Zhang, Eric"]
[Black "Friedel, Joshua"]
[Result "0-1"]
[WhiteElo "2173"]
[BlackElo "2554"]
[PlyCount "120"]
[EventDate "2010.12.??"]
[EventType "swiss"]
[EventRounds "7"]
[EventCountry "USA"]
[Source "MonRoi"]

1. e4 e5 2. Nf3 Nc6 3. Bc4 Nf6 4. d3 Be7 5. O-O O-O 6. Re1 d6 7. c3 Na5 8. Bb5
a6 9. Ba4 b5 10. Bc2 c5 11. Nbd2 Re8 12. Nf1 h6 13. Ng3 Bf8 14. h3 Bb7 15. Nf5
d5 16. exd5 Qxd5 17. Ne3 Qd7 18. Nh2 Rad8 19. Qe2 Nd5 20. Qg4 Nf4 21. Qg3 Qc6
22. Nf3 Nxd3 23. Bxd3 Rxd3 24. Ng4 Qg6 25. Ngxe5 Qxg3 26. fxg3 Rdd8 27. Kf2 f6
28. Ng6 Rxe1 29. Kxe1 Nc4 30. b3 Nd6 31. g4 Re8+ 32. Kf1 Ne4 33. Nxf8 Rxf8 34.
Be3 Rd8 35. Ne1 Nxc3 36. Bxc5 Be4 37. a4 Nb1 38. Be3 b4 39. a5 Rd1 40. Ra4 Nc3
41. Rxb4 Bd3+ 42. Kf2 Ne4+ 43. Rxe4 Bxe4 44. b4 Rb1 45. Bc5 Rb3 46. Nf3 Bxf3
47. gxf3 g5 48. Kg3 Kf7 49. Kg2 Kg6 50. Bd6 h5 51. Be7 Rb2+ 52. Kg1 h4 53. Bc5
Kf7 54. Bd6 Ke6 55. Bc5 Ke5 56. Be3 Rxb4 57. Kf2 Rb2+ 58. Ke1 Ra2 59. Bd2 Kd4
60. Ke2 Rb2 0-1

[Event "North American Open"]
[Site "Las Vegas"]
[Date "2010.12.26"]
[Round "1"]
[White "Wang, Lidong"]
[Black "Gurevich, Dmitry"]
[Result "1/2-1/2"]
[WhiteElo "2167"]
[BlackElo "2524"]
[PlyCount "70"]
[EventDate "2010.12.??"]
[EventType "swiss"]
[EventRounds "7"]
[EventCountry "USA"]
[Source "MonRoi"]

1. e4 c5 2. c3 d5 3. exd5 Qxd5 4. d4 g6 5. Be3 cxd4 6. cxd4 Nf6 7. Nc3 Qa5 8.
Nf3 Bg7 9. Bc4 Ne4 10. O-O Nxc3 11. bxc3 O-O 12. Qd2 Nc6 13. Rab1 Qc7 14. Bf4
e5 15. dxe5 Nxe5 16. Nxe5 Bxe5 17. Bxe5 Qxe5 18. Rfe1 Qf6 19. Bd5 Rb8 20. Qe3
b6 21. Qe7 Qxe7 22. Rxe7 Bf5 23. Rbe1 a5 24. Ra7 Rbd8 25. c4 Be6 26. Bxe6 fxe6
27. f3 Rd6 28. Re7 Rf4 29. R7xe6 Rxe6 30. Rxe6 Rxc4 31. Rxb6 Rc2 32. Rb7 Rxa2
33. Ra7 h5 34. h4 Ra4 35. Kf2 Rxh4 1/2-1/2

[Event "North American Open"]
[Site "Las Vegas"]
[Date "2010.12.26"]
[Round "1"]
[White "Ris, Robert"]
[Black "Hu, Bryan"]
[Result "1-0"]
[WhiteElo "2516"]
[BlackElo "2167"]
[PlyCount "153"]
[EventDate "2010.12.??"]
[EventType "swiss"]
[EventRounds "7"]
[EventCountry "USA"]
[Source "MonRoi"]

1. d4 Nf6 2. c4 c5 3. d5 b5 4. cxb5 a6 5. bxa6 g6 6. Nc3 d6 7. Nf3 Bxa6 8. g3
Bg7 9. Bg2 O-O 10. Rb1 Nbd7 11. b3 Qa5 12. Bd2 Qc7 13. O-O Nb6 14. Nh4 Bb7 15.
e4 Nfd7 16. a4 Ba6 17. Re1 Ne5 18. Bf1 Bxf1 19. Rxf1 Qd7 20. Ne2 c4 21. a5 Nc8
22. b4 Na7 23. Nd4 Nb5 24. Nxb5 Qxb5 25. Bc3 Nd3 26. Qd2 Bxc3 27. Qxc3 Rab8 28.
Nf3 Nxb4 29. a6 Qc5 30. a7 Rb6 31. Nd2 Na6 32. Ra1 Ra8 33. Qxc4 Rxa7 34. Qxc5
dxc5 35. Ra5 Rc7 36. Nc4 Rb4 37. Ne3 Nb8 38. d6 exd6 39. Nd5 Rcb7 40. Nxb4 Rxb4
41. Rd1 Rb6 42. e5 dxe5 43. Rxc5 Nc6 44. Rd6 Rb1+ 45. Kg2 Nd4 46. Rxe5 Nf5 47.
Rd7 h5 48. Ra5 Rb3 49. Raa7 Nh6 50. h3 Rc3 51. Ra4 Kg7 52. Rad4 g5 53. h4 gxh4
54. Rxh4 Rc5 55. Rhd4 Kg6 56. R7d5 Rc2 57. Rd6+ f6 58. Rf4 Ng4 59. Kf1 Rc1+ 60.
Ke2 Rc2+ 61. Ke1 Kg5 62. Rd8 Kg6 63. Rg8+ Kf7 64. Rd8 Kg6 65. Rd5 Ra2 66. Rd6
Kg5 67. f3 Ne3 68. Rfxf6 Ng2+ 69. Kd1 Ne3+ 70. Kc1 Rc2+ 71. Kb1 Rg2 72. Rfe6
Rg1+ 73. Ka2 Rxg3 74. Rxe3 h4 75. Re5+ Kf4 76. Re4+ Kxf3 77. Rxh4 1-0

[Event "North American Open"]
[Site "Las Vegas"]
[Date "2010.12.26"]
[Round "1"]
[White "Gershenov, Ben"]
[Black "Arnold, Marc"]
[Result "1/2-1/2"]
[WhiteElo "2166"]
[BlackElo "2512"]
[PlyCount "107"]
[EventDate "2010.12.??"]
[EventType "swiss"]
[EventRounds "7"]
[EventCountry "USA"]
[Source "MonRoi"]

1. d4 Nf6 2. c4 e6 3. Nc3 Bb4 4. e3 c5 5. Nge2 cxd4 6. exd4 O-O 7. a3 Be7 8.
Nf4 Re8 9. Bd3 Bf8 10. O-O Nc6 11. Be3 e5 12. dxe5 Nxe5 13. Be2 d6 14. Nfd5
Nxd5 15. Nxd5 Bd7 16. Qd2 Rc8 17. Rac1 b6 18. Bg5 f6 19. Bh4 Bf5 20. Rfe1 Kh8
21. b3 Qd7 22. Qd4 Nc6 23. Qb2 Re4 24. Bg3 Bg6 25. Red1 Ree8 26. Rd2 Ne5 27.
Rcd1 Qf7 28. Qd4 b5 29. f4 Nc6 30. Qc3 Rxe2 31. Rxe2 Bh5 32. Rde1 Bxe2 33. Rxe2
Nb8 34. Qd4 bxc4 35. bxc4 Nc6 36. Qe4 f5 37. Qd3 Na5 38. Rc2 Qe6 39. Kf1 Rb8
40. Be1 Nc6 41. Re2 Qf7 42. Bc3 Kg8 43. Ne3 g6 44. Nd5 Bg7 45. Qc2 Qb7 46. Qa4
Kf7 47. Qxc6 Qxc6 48. Re7+ Kg8 49. Rxg7+ Kf8 50. Rg8+ Kf7 51. Rg7+ Ke8 52. Rg8+
Kd7 53. Rg7+ Ke8 54. Rg8+ 1/2-1/2

[Event "North American Open"]
[Site "Las Vegas"]
[Date "2010.12.26"]
[Round "1"]
[White "Ferber, Mark"]
[Black "Abrahamyan, Tatev"]
[Result "0-1"]
[WhiteElo "2136"]
[BlackElo "2410"]
[PlyCount "72"]
[EventDate "2010.12.??"]
[EventType "swiss"]
[EventRounds "7"]
[EventCountry "USA"]
[Source "MonRoi"]

1. Nf3 Nf6 2. d4 g6 3. Nc3 d5 4. Bf4 Bg7 5. e3 O-O 6. Be2 c5 7. dxc5 Qa5 8. Nd2
Qxc5 9. Nb3 Qb6 10. a4 Nc6 11. a5 Qd8 12. O-O e5 13. Bg5 Be6 14. Qd2 d4 15.
Bxf6 Bxf6 16. Ne4 Bxb3 17. Nxf6+ Qxf6 18. cxb3 Rad8 19. Bf3 Rfe8 20. Bxc6 Qxc6
21. Ra4 dxe3 22. Qxe3 Qb5 23. f4 Rd3 24. Rb4 Qd5 25. Qxa7 Rd2 26. Qxb7 Qc5+ 27.
Kh1 Rf2 28. Ra1 exf4 29. Re4 Rxe4 30. Qxe4 Qxa5 31. Qa4 Qd2 32. Qe8+ Kg7 33.
Qe5+ Kh6 34. Rg1 Qxb2 35. Qe7 Kg7 36. b4 f3 0-1

[Event "North American Open"]
[Site "Las Vegas"]
[Date "2010.12.26"]
[Round "1"]
[White "Karas, Nicholas"]
[Black "Amanov, Zhanibek"]
[Result "0-1"]
[WhiteElo "2134"]
[BlackElo "2405"]
[PlyCount "110"]
[EventDate "2010.12.??"]
[EventType "swiss"]
[EventRounds "7"]
[EventCountry "USA"]
[Source "MonRoi"]

1. e4 c5 2. Nf3 Nc6 3. d4 cxd4 4. Nxd4 g6 5. c4 Nf6 6. Nc3 d6 7. Be2 Nxd4 8.
Qxd4 Bg7 9. Be3 O-O 10. Qd2 a5 11. O-O a4 12. Rac1 Be6 13. f3 Qa5 14. Nd5 Qxd2
15. Nxe7+ Kh8 16. Bxd2 Rfe8 17. Nd5 Nxd5 18. cxd5 Bxd5 19. Bb5 Re5 20. Bxa4
Bxa2 21. Rc7 Rc5 22. Rxc5 dxc5 23. Bb5 Bd4+ 24. Rf2 Bxf2+ 25. Kxf2 Be6 26. Ke3
Kg8 27. Kf4 f6 28. h4 Kf7 29. g4 Ke7 30. Bc3 h6 31. Bd3 Bd7 32. e5 f5 33. gxf5
Bxf5 34. Bb5 Bd7 35. Bd3 Ra4+ 36. Kg3 Kf7 37. Be4 b5 38. Bc2 Ra1 39. Bd2 h5 40.
Kf4 Be6 41. Be3 Re1 42. Be4 c4 43. Bc5 Re2 44. Kg5 Kg7 45. Bd4 Rg2+ 46. Kf4 b4
47. Bb1 Kf7 48. Be4 Rd2 49. Ke3 Rd1 50. Bc5 c3 51. bxc3 b3 52. Ke2 Rh1 53. Ba3
b2 54. Bxb2 Rh2+ 55. Ke3 Rxb2 0-1

[Event "North American Open"]
[Site "Las Vegas"]
[Date "2010.12.27"]
[Round "2"]
[White "Shulman, Yuri"]
[Black "Baker, Bruce"]
[Result "1-0"]
[WhiteElo "2700"]
[BlackElo "2293"]
[PlyCount "107"]
[EventDate "2010.12.??"]
[EventType "swiss"]
[EventRounds "7"]
[EventCountry "USA"]
[Source "MonRoi"]

1. d4 Nf6 2. c4 g6 3. Nc3 Bg7 4. e4 d6 5. Nf3 O-O 6. Be2 e5 7. Be3 Ng4 8. Bg5
f6 9. Bh4 Nc6 10. d5 Ne7 11. Nd2 Nh6 12. f3 Qe8 13. Bf2 Bd7 14. b4 Nf7 15. c5
Kh8 16. a4 c6 17. Nc4 cxd5 18. Nxd6 Nxd6 19. cxd6 Nc6 20. Nxd5 Rd8 21. Rc1 Nd4
22. Nc7 Bxa4 23. Nxe8 Bxd1 24. Nxg7 Bxe2 25. Bxd4 Kxg7 26. Bxa7 Bb5 27. Rc5 Ra8
28. Rxb5 Rxa7 29. Ke2 Rd8 30. Rd1 Rd7 31. Ra5 Ra6 32. Rb5 Kf7 33. g3 Ke6 34. f4
Ra2+ 35. Kf3 Rxh2 36. Rdd5 exf4 37. gxf4 Rh3+ 38. Kg4 Rh1 39. Kg3 Rg1+ 40. Kf2
Rg4 41. Kf3 Rg1 42. f5+ gxf5 43. exf5+ Kf7 44. Rbc5 Rg8 45. Rc7 Rgd8 46. Rd2
Ke8 47. Re2+ Kf8 48. Rxd7 Rxd7 49. Re6 Rf7 50. Ke4 h5 51. Kd5 h4 52. Re1 Rh7
53. Ke6 h3 54. Ra1 1-0

[Event "North American Open"]
[Site "Las Vegas"]
[Date "2010.12.27"]
[Round "2"]
[White "Stocek, Jiri"]
[Black "Eckert, Doug"]
[Result "1-0"]
[WhiteElo "2647"]
[BlackElo "2223"]
[PlyCount "75"]
[EventDate "2010.12.??"]
[EventType "swiss"]
[EventRounds "7"]
[EventCountry "USA"]
[Source "MonRoi"]

1. d4 d5 2. c4 c6 3. Nf3 Nf6 4. Nc3 dxc4 5. e4 b5 6. e5 Nd5 7. a4 e6 8. Ng5 h6
9. Nge4 b4 10. Nb1 Ba6 11. Nbd2 c3 12. Nc4 Bxc4 13. Bxc4 cxb2 14. Bxb2 a5 15.
O-O Nd7 16. Qe2 Be7 17. f4 g6 18. g4 Qb6 19. Kh1 O-O-O 20. f5 Rdf8 21. Rac1 Kb8
22. Rc2 gxf5 23. gxf5 Bg5 24. Bxd5 cxd5 25. Nd6 Be7 26. Rfc1 Bxd6 27. Rc6 Bc7
28. Rxb6+ Nxb6 29. Qb5 Rc8 30. Qxa5 Nc4 31. Qxb4+ Ka8 32. Qb5 Ka7 33. a5 Rb8
34. Qc5+ Kb7 35. a6+ Kc8 36. a7 Ra8 37. Bc3 Kd8 38. Ba5 1-0

[Event "North American Open"]
[Site "Las Vegas"]
[Date "2010.12.27"]
[Round "2"]
[White "Karklins, Andrew"]
[Black "Ris, Robert"]
[Result "0-1"]
[WhiteElo "2226"]
[BlackElo "2516"]
[PlyCount "88"]
[EventDate "2010.12.??"]
[EventType "swiss"]
[EventRounds "7"]
[EventCountry "USA"]
[Source "MonRoi"]

1. e4 e5 2. Nf3 Nc6 3. Bc4 Nf6 4. d3 Be7 5. Nc3 d6 6. a3 O-O 7. h3 Be6 8. O-O
Nd7 9. Nd5 Nb6 10. Bb3 Bxd5 11. exd5 Nd4 12. Ba2 Nxf3+ 13. Qxf3 Bg5 14. Be3
Bxe3 15. fxe3 f5 16. Qg3 Qf6 17. c3 Qh6 18. Rae1 Rf6 19. Rf3 Raf8 20. Ref1 f4
21. exf4 Rxf4 22. Rxf4 Rxf4 23. Rxf4 Qxf4 24. Qxf4 exf4 25. Bb3 g5 26. Kf2 Kg7
27. Kf3 Kf6 28. d4 h5 29. Ke4 Nc8 30. Bd1 Kg6 31. c4 Ne7 32. Bf3 Kh6 33. h4 g4
34. Bxg4 hxg4 35. Kxf4 Kh5 36. g3 Ng6+ 37. Kf5 Nxh4+ 38. Ke6 Kg6 39. Kd7 Nf5
40. Kxc7 Nxg3 41. c5 Nf5 42. Kd7 g3 43. c6 bxc6 44. dxc6 Kf7 0-1

[Event "North American Open"]
[Site "Las Vegas"]
[Date "2010.12.27"]
[Round "2"]
[White "Tanaka, Christian"]
[Black "Lee, Michael"]
[Result "0-1"]
[WhiteElo "2207"]
[BlackElo "2432"]
[PlyCount "118"]
[EventDate "2010.12.??"]
[EventType "swiss"]
[EventRounds "7"]
[EventCountry "USA"]
[Source "MonRoi"]

1. d4 Nf6 2. c4 c5 3. d5 b5 4. cxb5 a6 5. bxa6 g6 6. Nf3 Bxa6 7. g3 d6 8. Bg2
Bg7 9. Nc3 O-O 10. Rb1 Nfd7 11. Bd2 Nb6 12. b3 Bb7 13. e4 Ba6 14. Bf1 Qc8 15.
Bxa6 Qxa6 16. Qe2 Qxe2+ 17. Kxe2 Bxc3 18. Bxc3 Rxa2+ 19. Nd2 e6 20. dxe6 fxe6
21. Ra1 Rxa1 22. Rxa1 Nc6 23. Ra6 Rb8 24. Nc4 Nxc4 25. bxc4 Rc8 26. f4 Kf7 27.
Rb6 Rc7 28. g4 Ke7 29. h4 Kd7 30. h5 Ra7 31. Rb1 Ra2+ 32. Kd3 Kc7 33. hxg6 hxg6
34. Rb2 Ra3 35. Kc2 Nd4+ 36. Bxd4 cxd4 37. Rb3 Ra2+ 38. Rb2 Ra3 39. Rb3 Ra2+
40. Rb2 Ra1 41. Rb1 Ra4 42. Kb3 Ra8 43. Rf1 Rg8 44. c5 dxc5 45. Kc4 Kc6 46. Ra1
Rd8 47. Ra3 Rd7 48. f5 gxf5 49. gxf5 exf5 50. exf5 Rf7 51. f6 Kd6 52. Ra6+ Ke5
53. Kxc5 d3 54. Ra8 Rxf6 55. Kc4 d2 56. Ra1 Ke4 57. Kc3 Ke3 58. Kc2 Ke2 59. Rh1
Rc6+ 0-1

[Event "North American Open"]
[Site "Las Vegas"]
[Date "2010.12.27"]
[Round "2"]
[White "Abrahamyan, Tatev"]
[Black "Kelley, Dereque"]
[Result "0-1"]
[WhiteElo "2410"]
[BlackElo "2193"]
[PlyCount "98"]
[EventDate "2010.12.??"]
[EventType "swiss"]
[EventRounds "7"]
[EventCountry "USA"]
[Source "MonRoi"]

1. e4 e5 2. Nf3 Nc6 3. Bc4 Nf6 4. d3 Be7 5. O-O O-O 6. Re1 d6 7. c3 Na5 8. Bb5
a6 9. Ba4 b5 10. Bc2 c5 11. Nbd2 Nc6 12. Nf1 Re8 13. h3 h6 14. d4 exd4 15. cxd4
cxd4 16. Nxd4 Nxd4 17. Qxd4 Be6 18. Ne3 Rc8 19. Bb3 d5 20. Nxd5 Bxd5 21. exd5
Bc5 22. Rxe8+ Qxe8 23. Qd1 Qe5 24. Bd2 Bxf2+ 25. Kxf2 Ne4+ 26. Kg1 Qd4+ 27. Kh2
Qe5+ 28. Kg1 Qd4+ 29. Kh2 Nxd2 30. Qg4 Qxg4 31. hxg4 Rd8 32. Rd1 Nxb3 33. axb3
Kf8 34. Kg3 Ke7 35. Kf4 Kd6 36. Ra1 Re8 37. Rxa6+ Kxd5 38. Ra7 Re2 39. Kf3 Rxb2
40. Rxf7 Rxb3+ 41. Kf2 g5 42. Rf6 Ke4 43. Rxh6 Kf4 44. Kg1 Rb1+ 45. Kh2 Re1 46.
Rf6+ Kxg4 47. Rb6 Re5 48. Rb8 Kf4 49. Kh3 Ke4 0-1

[Event "North American Open"]
[Site "Las Vegas"]
[Date "2010.12.27"]
[Round "2"]
[White "Amanov, Zhanibek"]
[Black "Dykes, Denton"]
[Result "0-1"]
[WhiteElo "2405"]
[BlackElo "2129"]
[PlyCount "48"]
[EventDate "2010.12.??"]
[EventType "swiss"]
[EventRounds "7"]
[EventCountry "USA"]
[Source "MonRoi"]

1. e4 c5 2. Nf3 d6 3. d4 cxd4 4. Nxd4 Nf6 5. Nc3 g6 6. g3 Nc6 7. Nde2 h5 8. h3
Bg7 9. Bg2 Be6 10. O-O h4 11. g4 Nxg4 12. hxg4 Bxg4 13. f3 Qb6+ 14. Rf2 h3 15.
Nd5 h2+ 16. Kh1 Qxf2 17. fxg4 Nd4 18. Nef4 Nxc2 19. Nh3 Rxh3 20. Bxh3 Bd4 21.
Bf4 Nxa1 22. Bxh2 Rc8 23. Nc3 Bxc3 24. Bg1 Qh4 0-1

[Event "North American Open"]
[Site "Las Vegas"]
[Date "2010.12.27"]
[Round "2"]
[White "Williams, John"]
[Black "Aliyev, Timur"]
[Result "1/2-1/2"]
[WhiteElo "2117"]
[BlackElo "2346"]
[PlyCount "134"]
[EventDate "2010.12.??"]
[EventType "swiss"]
[EventRounds "7"]
[EventCountry "USA"]
[Source "MonRoi"]

1. e4 c5 2. Nf3 Nc6 3. d4 cxd4 4. Nxd4 g6 5. c4 Nf6 6. Nc3 d6 7. Be2 Nxd4 8.
Qxd4 Bg7 9. Be3 O-O 10. Qd2 Be6 11. Rc1 Qa5 12. O-O Rfc8 13. b3 a6 14. Bf3 Rab8
15. Nd5 Qxd2 16. Bxd2 Nxd5 17. exd5 Bd7 18. Rfe1 Kf8 19. Bg5 Bf6 20. Bxf6 exf6
21. Be2 a5 22. f3 Rc5 23. a3 Rbc8 24. b4 axb4 25. axb4 R5c7 26. Ra1 h5 27. Bd3
g5 28. Kf2 h4 29. Ke3 b5 30. cxb5 Rc3 31. Kd4 Bf5 32. Re4 Rb3 33. Ra4 h3 34.
gxh3 Bxe4 35. fxe4 Ke7 36. b6 Kd8 37. Bb5 Rb8 38. Kc4 Re3 39. Ra6 Rxe4+ 40. Kc3
Re7 41. Bc6 f5 42. Kc4 f4 43. Kb5 f5 44. Ra2 f3 45. Rf2 Re3 46. Ka6 Ra3+ 47.
Kb5 g4 48. Rf1 Re3 49. Ka6 Ra3+ 50. Kb5 Ke7 51. b7 Rb3 52. Kc4 Re3 53. hxg4
fxg4 54. Kd4 Rb3 55. b5 Rf8 56. Re1+ Kf6 57. Re8 Rxe8 58. Bxe8 f2 59. b8=Q f1=Q
60. Qxd6+ Kg7 61. Qe5+ Kg8 62. Kc5 Qf2+ 63. Kd6 Re3 64. Qg5+ Kf8 65. Bh5 Qxh2+
66. Kd7 Qe5 67. Qh6+ Kg8 1/2-1/2

[Event "North American Open"]
[Site "Las Vegas"]
[Date "2010.12.27"]
[Round "2"]
[White "Lebovitz, Andrew"]
[Black "Liu, Elliott"]
[Result "0-1"]
[WhiteElo "2111"]
[BlackElo "2340"]
[PlyCount "100"]
[EventDate "2010.12.??"]
[EventType "swiss"]
[EventRounds "7"]
[EventCountry "USA"]
[Source "MonRoi"]

1. c4 g6 2. g3 Bg7 3. Bg2 Nc6 4. Nc3 e5 5. Rb1 a5 6. a3 f5 7. d3 d6 8. e3 Nf6
9. Nge2 O-O 10. b4 axb4 11. axb4 g5 12. h4 gxh4 13. Rxh4 Ne7 14. f4 Ng6 15. Rh1
Ng4 16. b5 exf4 17. exf4 Qe8 18. Nd5 Rf7 19. b6 c6 20. Nc7 Rxc7 21. bxc7 Ra2
22. Bf3 Bc3+ 23. Kf1 Ne3+ 24. Bxe3 Qxe3 25. Bh5 Rd2 26. Qe1 Qxd3 27. Rb3 Rd1
28. Rxc3 Rxe1+ 29. Kxe1 Qb1+ 30. Rc1 Qb4+ 31. Kf2 Qb6+ 32. Kg2 Qxc7 33. Bxg6
hxg6 34. Rh6 Qe7 35. Kf2 Qg7 36. Rhh1 Be6 37. Rhd1 Qc7 38. Nd4 Bf7 39. Nf3 Qb6+
40. Kg2 Qc5 41. Ng5 Bxc4 42. Re1 Bd5+ 43. Kh3 Qf2 44. Re8+ Kg7 45. Rce1 Qg2+
46. Kh4 Qh2+ 47. Nh3 Be4 48. g4 fxg4 49. Kg5 Qxh3 50. Re7+ Kf8 0-1

[Event "North American Open"]
[Site "Las Vegas"]
[Date "2010.12.27"]
[Round "2"]
[White "Young, Gregory"]
[Black "Manber, Devon"]
[Result "1-0"]
[WhiteElo "2328"]
[BlackElo "1906"]
[PlyCount "125"]
[EventDate "2010.12.??"]
[EventType "swiss"]
[EventRounds "7"]
[EventCountry "USA"]
[Source "MonRoi"]

1. e4 e5 2. Nf3 Nc6 3. Bc4 Bc5 4. Nc3 Nf6 5. d3 O-O 6. Bg5 h6 7. Bxf6 Qxf6 8.
Nd5 Qd8 9. c3 d6 10. h3 Ne7 11. Nxe7+ Qxe7 12. O-O Bb6 13. Re1 Bd7 14. d4 Rad8
15. a4 a6 16. a5 Ba7 17. Qb3 Bc8 18. Rad1 Qf6 19. Rd3 g5 20. Red1 Rde8 21. Re1
Kg7 22. Qd1 Rg8 23. Nh2 Qg6 24. Rf3 Re7 25. dxe5 dxe5 26. Ng4 h5 27. Rf6 hxg4
28. Rxg6+ Kxg6 29. hxg4 Rh8 30. g3 f6 31. Kg2 Reh7 32. Rf1 Rd7 33. Qe2 Rdh7 34.
b4 c6 35. Qd1 Rd7 36. Qb3 Re7 37. Rh1 Rd8 38. Rd1 Rh8 39. Kf3 Rh2 40. Rd2 Rd7
41. Rb2 Kg7 42. Bf1 Rd6 43. Qa4 Be6 44. c4 Rd4 45. Qc2 Kg6 46. c5 Bb8 47. Be2
Bxg4+ 48. Kxg4 f5+ 49. Kf3 Rxe4 50. Qxe4 fxe4+ 51. Kxe4 Bc7 52. Rd2 Rh7 53. Bg4
Kf6 54. Rd7 Re7 55. Rxe7 Kxe7 56. Bc8 g4 57. Bxb7 Kd7 58. Bxa6 Bd8 59. Kf5 Be7
60. Bd3 Bf8 61. Be4 Bh6 62. a6 Kc7 63. b5 1-0

[Event "North American Open"]
[Site "Las Vegas"]
[Date "2010.12.27"]
[Round "2"]
[White "Tyagi, Kushan"]
[Black "Coleman, Teddy"]
[Result "0-1"]
[WhiteElo "2032"]
[BlackElo "2309"]
[PlyCount "78"]
[EventDate "2010.12.??"]
[EventType "swiss"]
[EventRounds "7"]
[EventCountry "USA"]
[Source "MonRoi"]

1. d4 g6 2. c4 Bg7 3. Nf3 c5 4. d5 d6 5. Nc3 Bxc3+ 6. bxc3 f5 7. h4 Nf6 8. Bh6
Qa5 9. Qc2 Rg8 10. e3 Nbd7 11. Bd3 b5 12. cxb5 Nb6 13. Nd2 Nbxd5 14. Rc1 Bb7
15. e4 Ng4 16. exd5 Nxh6 17. c4 e5 18. O-O O-O-O 19. Rb1 e4 20. Be2 Rde8 21. b6
a6 22. Rb3 Qa4 23. Rfb1 g5 24. Qc3 gxh4 25. Qh3 Ng4 26. Qxh4 Qd7 27. Rh3 Re7
28. Nf1 Reg7 29. Rg3 h5 30. f4 exf3 31. Rxf3 Rg5 32. Rf4 Ne5 33. Ne3 Rg3 34.
Rb3 Qg7 35. Qh2 Nd7 36. Bf1 Qe5 37. Rxf5 Qd4 38. Rf3 Rxf3 39. Qxd6 Qe5 0-1

[Event "North American Open"]
[Site "Las Vegas"]
[Date "2010.12.27"]
[Round "2"]
[White "Arnold, Marc"]
[Black "Wang, Lidong"]
[Result "1-0"]
[WhiteElo "2512"]
[BlackElo "2167"]
[PlyCount "73"]
[EventDate "2010.12.??"]
[EventType "swiss"]
[EventRounds "7"]
[EventCountry "USA"]
[Source "MonRoi"]

1. d4 Nf6 2. Nf3 g6 3. c4 Bg7 4. g3 O-O 5. Bg2 c6 6. Nc3 d6 7. O-O Na6 8. h3
Rb8 9. e4 Nd7 10. Qe2 Nc7 11. d5 e5 12. dxe6 Nxe6 13. Rd1 Qc7 14. Be3 Ndc5 15.
Rac1 a5 16. Ne1 Re8 17. Qd2 Nf8 18. Bd4 Be6 19. Bxg7 Kxg7 20. Qd4+ f6 21. f4
Bg8 22. b3 Rbd8 23. Nf3 Qe7 24. Re1 Nfe6 25. Qd2 Nc7 26. Rcd1 a4 27. Qb2 b5 28.
b4 N5a6 29. cxb5 Nxb5 30. Nxa4 Qe6 31. Nc3 Nxc3 32. Qxc3 Qxa2 33. Qxc6 Rc8 34.
Qxd6 Rc2 35. Bf1 Re6 36. Qd7+ Kh8 37. Qd4 1-0

[Event "North American Open"]
[Site "Las Vegas"]
[Date "2010.12.27"]
[Round "2"]
[White "Landaw, Julian"]
[Black "Itkis, Hana"]
[Result "1-0"]
[WhiteElo "2341"]
[BlackElo "2108"]
[PlyCount "71"]
[EventDate "2010.12.??"]
[EventType "swiss"]
[EventRounds "7"]
[EventCountry "USA"]
[Source "MonRoi"]

1. e4 d6 2. Nc3 Nf6 3. g3 g6 4. Bg2 Bg7 5. f4 c5 6. d3 Nc6 7. Nf3 O-O 8. h3 Rb8
9. O-O b5 10. g4 b4 11. Ne2 Qb6 12. Be3 Nd7 13. Qc1 Ba6 14. f5 Qa5 15. Rf2 c4
16. d4 c3 17. b3 Bxe2 18. Rxe2 Qb5 19. Bf1 Qb7 20. a4 e6 21. Qe1 Rbe8 22. Qh4
exf5 23. gxf5 Nf6 24. Bg5 Nh5 25. f6 Bh8 26. Rg2 h6 27. Bxh6 Nxf6 28. Bxf8 Rxf8
29. Bc4 Ne7 30. Ng5 d5 31. Rf1 Nh5 32. exd5 Nxd5 33. Qe4 Nhf6 34. Rxf6 Bxf6 35.
Bxd5 Qb6 36. Qxg6+ 1-0

[Event "North American Open"]
[Site "Las Vegas"]
[Date "2010.12.27"]
[Round "2"]
[White "Adelberg, David"]
[Black "Mackinnon, Keith"]
[Result "1/2-1/2"]
[WhiteElo "2277"]
[BlackElo "2123"]
[PlyCount "114"]
[EventDate "2010.12.??"]
[EventType "swiss"]
[EventRounds "7"]
[EventCountry "USA"]
[Source "MonRoi"]

1. d4 Nf6 2. c4 e6 3. Nf3 b6 4. g3 Ba6 5. b3 b5 6. cxb5 Bxb5 7. Bg2 Bb4+ 8. Bd2
a5 9. O-O Bc6 10. Nc3 Qc8 11. Bh3 d6 12. a3 Bxc3 13. Bxc3 O-O 14. Nd2 Qb7 15.
Qc2 Nbd7 16. Rac1 Ne4 17. Rfe1 Ndf6 18. Nc4 Nxc3 19. Qxc3 Ne4 20. Nxd6 Nxd6 21.
Qxc6 Qxb3 22. a4 Rfd8 23. Bg2 Rab8 24. e3 Ne8 25. Rc3 Qa2 26. Rec1 Rb2 27. R3c2
Rdb8 28. Bf1 g6 29. Bb5 Rxc2 30. Rxc2 Qb1+ 31. Rc1 Qb2 32. Rc5 Kg7 33. Qf3 Qb1+
34. Kg2 Qb4 35. Bxe8 Rxe8 36. Rxc7 Re7 37. Rxe7 Qxe7 38. Qc6 Qb4 39. Kf3 Qe1
40. Qb5 Qd1+ 41. Kg2 Qd2 42. h4 h5 43. Qe5+ Kg8 44. e4 Qb4 45. d5 exd5 46. Qe8+
Kg7 47. exd5 Qd4 48. Qb5 Qe4+ 49. Kh2 Qc2 50. Kg1 Qd2 51. Qc5 Qd1+ 52. Kh2 Qxa4
53. d6 Qd7 54. Qc7 Qf5 55. Qa7 Qd5 56. d7 a4 57. Qxa4 Kf6 1/2-1/2

[Event "North American Open"]
[Site "Las Vegas"]
[Date "2010.12.27"]
[Round "2"]
[White "Helfst, Matt"]
[Black "Wang, Kevin"]
[Result "0-1"]
[WhiteElo "1903"]
[BlackElo "2270"]
[PlyCount "67"]
[EventDate "2010.12.??"]
[EventType "swiss"]
[EventRounds "7"]
[EventCountry "USA"]
[Source "MonRoi"]

1. Nf3 d5 2. d4 Nf6 3. c4 e6 4. g3 Bb4+ 5. Bd2 Be7 6. Bg2 O-O 7. O-O c6 8. b3
b6 9. Qc2 Bb7 10. Bg5 h6 11. Bf4 Nbd7 12. Nc3 Nh5 13. Bc1 f5 14. Nd2 Bd6 15. a4
Qe7 16. a5 bxa5 17. Rxa5 f4 18. Bf3 fxg3 19. fxg3 Bc7 20. Ra1 Rf5 21. e4 Rg5
22. e5 Bb6 23. Ne2 c5 24. Ba3 Qd8 25. Bxh5 Rxh5 26. Nf4 cxd4 27. c5 d3 28. Qd1
Nxc5 29. Qxh5 Nxb3+ 30. Kg2 Nxd2 31. Nxe6 Qd7 32. Rf8+ Rxf8 33. Nxf8 d4+ 34.
Kg1 0-1

[Event "North American Open"]
[Site "Las Vegas"]
[Date "2010.12.27"]
[Round "2"]
[White "Weiss, Allen"]
[Black "Wang, Philip"]
[Result "1/2-1/2"]
[WhiteElo "2194"]
[BlackElo "2408"]
[PlyCount "110"]
[EventDate "2010.12.??"]
[EventType "swiss"]
[EventRounds "7"]
[EventCountry "USA"]
[Source "MonRoi"]

1. d4 f5 2. g3 Nf6 3. Bg2 g6 4. c4 Bg7 5. Nh3 d6 6. d5 Na6 7. Nf4 e5 8. dxe6 c6
9. Nc3 Nc5 10. Be3 Nxe6 11. Qd2 Ng4 12. Nxe6 Bxe6 13. Bd4 Ne5 14. b3 Qe7 15. f4
c5 16. Bg1 Nc6 17. Rd1 O-O 18. Bf2 Rad8 19. O-O Kh8 20. Rfe1 Rfe8 21. Nb5 Bf8
22. e4 fxe4 23. Rxe4 Qf7 24. Rde1 a6 25. Nc7 Qxc7 26. Rxe6 Rxe6 27. Rxe6 Bg7
28. Qe1 Qd7 29. Kf1 Rf8 30. Bd5 g5 31. Qe4 Bf6 32. Bxc6 bxc6 33. f5 d5 34. Qf3
Be7 35. Qe2 Rf7 36. Qe5+ Kg8 37. g4 dxc4 38. f6 Qd1+ 39. Kg2 Qxg4+ 40. Bg3 Bf8
41. h3 Qd4 42. Qxg5+ Kh8 43. bxc4 Qxc4 44. Re8 Qxa2+ 45. Bf2 Qd5+ 46. Qxd5 cxd5
47. Bxc5 Kg8 48. Be7 a5 49. Kf3 a4 50. Kf4 a3 51. Bxa3 Rxf6+ 52. Ke5 Kg7 53.
Rxf8 Rxf8 54. Bxf8+ Kxf8 55. Kxd5 Kf7 1/2-1/2